002510000a2200061000450024501020000030000580010277300290016010aThe Costa Rican connection : Jaime Cabezas brings a unique perspective to LAM's board of trustees aVol. 74, Num. 3 (Julio-Septiembre, 1994), Página 210 tLatin America Evangelist